RICS Sanctions Policy: (Record no. 122287)
[ view plain ]
| 000 -LEADER | |
|---|---|
| fixed length control field | 00959nam a22001937a 4500 |
| 005 - DATE AND TIME OF LATEST TRANSACTION | |
| control field | 20260224094901.0 |
| 008 - FIXED-LENGTH DATA ELEMENTS--GENERAL INFORMATION | |
| fixed length control field | 260224s2024 xxk|||||o|||| 00| 0 eng d |
| 041 ## - LANGUAGE CODE | |
| Language code of text/sound track or separate title | eng |
| 110 ## - MAIN ENTRY--CORPORATE NAME | |
| Corporate author | Royal Institution of Chartered Surveyors |
| 245 ## - TITLE STATEMENT | |
| Title | RICS Sanctions Policy: |
| Subtitle | Supplement 2 Fines, costs and administration fees version 11 |
| Medium | [Electronic resource] |
| 260 ## - PUBLICATION INFORMATION | |
| Place of publication | London, |
| Publisher | Royal Institution of Chartered Surveyors, |
| Date | 2024 |
| 500 ## - GENERAL NOTE | |
| General note | with effect from 14 March 2024 |
| 520 ## - ABSTRACT | |
| Abstract | This supplement to the Sanctions Policy sets out the details of fines and costs that may be imposed in accordance with the RICS’ Regulatory Tribunal Rules. |
| 651 ## - SUBJECT ADDED ENTRY--GEOGRAPHIC NAME | |
| Geographic name | United Kingdom |
| 690 ## - BROAD SUBJECT | |
| 9 (RLIN) | 6277 |
| Broad subject | RICS |
| 710 ## - ADDED CORPORATE NAME | |
| Added corporate author | Royal Institution of Chartered Surveyors |
| 856 ## - ONLINE RESOURCE | |
| Uniform Resource Identifier | <a href="https://www.rics.org/content/dam/ricsglobal/documents/regulation/rics-sanctions-policy-supplement-2-fines-costs-administration-fees-version-11.pdf">https://www.rics.org/content/dam/ricsglobal/documents/regulation/rics-sanctions-policy-supplement-2-fines-costs-administration-fees-version-11.pdf</a> |
| Public note | Available free on RICS.org |
| 942 ## - ADDED ENTRY ELEMENTS (KOHA) | |
| Suppress in OPAC | Do not suppress in OPAC |
| Lost status | Damaged status | Not for loan | Current library | Shelving location | Date acquired | Total Checkouts | Full call number | Date last seen | Price effective from | Koha item type |
|---|---|---|---|---|---|---|---|---|---|---|
| Virtual | Online | 24/02/2026 | ONLINE PUBLICATION | 24/02/2026 | 24/02/2026 | Online material |